000 00329nam a2200145Ia 4500
003 OSt
005 20231207105619.0
008 170524s9999 xx 000 0 und d
020 _a8176560405
040 _cIIMT UNIVERSITY
100 _aChary
245 0 _aPRODUCATION AND OPERATION MANAGEMENT
260 _aTMH
942 _2ddc
_c02
999 _c3283
_d3283